[Event "Toronto op"]
[Site "Toronto CAN"]
[Date "2002.03.29"]
[Round "2"]
[White "Wang, Hao Yuan"]
[Black "Gurevich, Artem"]
[Result "1-0"]
[WhiteElo "2211"]
[BlackElo "2306"]
[PlyCount "65"]
[EventDate "2002.03.29"]
[EventType "swiss"]
[EventRounds "6"]
[EventCountry "CAN"]

1. e4 c5 2. Nf3 e6 3. d4 cxd4 4. Nxd4 a6 5. Bd3 Bc5 6. Nb3 Be7 7. O-O d6 8. Qe2
Nd7 9. f4 Qc7 10. Be3 Ngf6 11. c4 b6 12. Nc3 Bb7 13. Rac1 O-O 14. Bd4 g6 15.
Nd2 Nc5 16. Bb1 Rac8 17. Qf3 Rfe8 18. Qh3 Ncd7 19. f5 e5 20. Be3 b5 21. cxb5
axb5 22. fxg6 hxg6 23. Nf3 Qa5 24. a3 b4 25. axb4 Qxb4 26. Ba2 Qxb2 27. Ng5 d5
28. Bxd5 Rxc3 29. Bxf7+ Kg7 30. Bxe8 Nf8 31. Ne6+ Kg8 32. Nxf8 Rxc1 33. Qe6+
1-0

[Event "Toronto op"]
[Site "Toronto CAN"]
[Date "2002.03.30"]
[Round "3"]
[White "Findlay, Ian"]
[Black "Bluvshtein, Mark"]
[Result "1/2-1/2"]
[WhiteElo "2368"]
[BlackElo "2382"]
[PlyCount "68"]
[EventDate "2002.03.29"]
[EventType "swiss"]
[EventRounds "6"]
[EventCountry "CAN"]

1. e4 e6 2. d4 d5 3. Nd2 Nf6 4. e5 Nfd7 5. Bd3 c5 6. c3 Nc6 7. Ne2 cxd4 8. cxd4
Qb6 9. Nf3 f6 10. exf6 Nxf6 11. O-O Bd6 12. Nc3 O-O 13. Be3 Bd7 14. a3 a6 15.
Na4 Qc7 16. Rc1 e5 17. dxe5 Bxe5 18. Bb6 Qb8 19. Bc5 Bg4 20. h3 Bxf3 21. Qxf3
Bh2+ 22. Kh1 Bd6 23. Qf5 Kh8 24. Nb6 Bxc5 25. Rxc5 Ne4 26. Qxd5 Nxc5 27. Qxc5
Qe5 28. Qxe5 Nxe5 29. Nxa8 Nxd3 30. Nc7 Rc8 31. Ne6 Kg8 32. b4 Kf7 33. Ng5+ Kf6
34. f4 Rc4 1/2-1/2

[Event "Toronto op"]
[Site "Toronto CAN"]
[Date "2002.03.30"]
[Round "3"]
[White "Lucki, Arnie"]
[Black "Stevens, Christian"]
[Result "1/2-1/2"]
[WhiteElo "1934"]
[BlackElo "2210"]
[PlyCount "83"]
[EventDate "2002.03.29"]
[EventType "swiss"]
[EventRounds "6"]
[EventCountry "CAN"]

1. e4 e5 2. Nc3 Nf6 3. Bc4 Bc5 4. d3 d6 5. f4 Nc6 6. f5 Na5 7. Bb3 Nxb3 8. axb3
d5 9. Bg5 dxe4 10. dxe4 Qxd1+ 11. Rxd1 c6 12. Nf3 O-O 13. Nxe5 Re8 14. Bxf6
gxf6 15. Ng4 Kg7 16. Kd2 h5 17. Ne3 Bxe3+ 18. Kxe3 Bxf5 19. Kf4 Bg6 20. Rd7 b5
21. Re1 Re5 22. b4 a5 23. Ra1 a4 24. Rc7 Rae8 25. Rxc6 Bxe4 26. Rc5 Bxc2 27.
Nxb5 Rxc5 28. bxc5 Re4+ 29. Kf3 Rc4 30. Na3 Rxc5 31. Nxc2 Rxc2 32. Rxa4 Rxb2
33. Rc4 Kg6 34. Ra4 Kg5 35. h4+ Kg6 36. g3 Rb5 37. Rc4 Rb6 38. Rc8 Kg7 39. Rc5
Rb3+ 40. Kf4 Rb4+ 41. Kf3 Kg6 42. Rc8 1/2-1/2

[Event "Toronto op"]
[Site "Toronto CAN"]
[Date "2002.03.30"]
[Round "3"]
[White "Teplitsky, Yan"]
[Black "Urquhart, Eddie"]
[Result "1-0"]
[WhiteElo "2522"]
[BlackElo "2252"]
[PlyCount "49"]
[EventDate "2002.03.29"]
[EventType "swiss"]
[EventRounds "6"]
[EventCountry "CAN"]

1. Nf3 c6 2. c4 d5 3. e3 Nf6 4. Nc3 e6 5. d4 Nbd7 6. Qc2 Be7 7. Be2 b6 8. O-O
Bb7 9. Rd1 Qc7 10. cxd5 cxd5 11. Bd2 O-O 12. Rac1 Rac8 13. Qa4 Qb8 14. Ba6 Bxa6
15. Qxa6 Ne4 16. Nb5 Ndf6 17. Nxa7 Rxc1 18. Rxc1 Nxd2 19. Nxd2 Bd6 20. g3 Bb4
21. Nb3 Qa8 22. Qxb6 Rb8 23. Qxb8+ Qxb8 24. Rc8+ Qxc8 25. Nxc8 1-0

[Event "Toronto op"]
[Site "Toronto CAN"]
[Date "2002.03.30"]
[Round "3"]
[White "Wang, Hao Yuan"]
[Black "Vaingorten, Yaaqov"]
[Result "1-0"]
[WhiteElo "2211"]
[BlackElo "2287"]
[PlyCount "61"]
[EventDate "2002.03.29"]
[EventType "swiss"]
[EventRounds "6"]
[EventCountry "CAN"]

1. e4 e6 2. d4 d5 3. Nd2 c5 4. exd5 Qxd5 5. Ngf3 cxd4 6. Bc4 Qd6 7. O-O Nf6 8.
Nb3 Nc6 9. Nbxd4 Nxd4 10. Nxd4 a6 11. Re1 Qc7 12. b3 Bd6 13. h3 O-O 14. Bb2 e5
15. Nf3 b5 16. Bd3 Re8 17. Qe2 e4 18. Bxf6 gxf6 19. Bxe4 Bb7 20. Qd3 Rad8 21.
Bxh7+ Kh8 22. Rxe8+ Rxe8 23. Bf5 Qe7 24. Qd4 Rg8 25. Qh4+ Kg7 26. Re1 Qc7 27.
Be4 Bc8 28. Qh7+ Kf8 29. Qh6+ Rg7 30. Qh8+ Rg8 31. Qxf6 1-0

[Event "Toronto op"]
[Site "Toronto CAN"]
[Date "2002.03.30"]
[Round "4"]
[White "Lucki, Arnie"]
[Black "Day, Lawrence"]
[Result "0-1"]
[WhiteElo "1934"]
[BlackElo "2456"]
[PlyCount "39"]
[EventDate "2002.03.29"]
[EventType "swiss"]
[EventRounds "6"]
[EventCountry "CAN"]

1. e4 b6 2. d4 Bb7 3. Nc3 e6 4. Nf3 Bb4 5. d5 Nf6 6. dxe6 fxe6 7. e5 Ne4 8. Bd3
Nxc3 9. bxc3 Bxc3+ 10. Bd2 Bxa1 11. Ng5 Qe7 12. Qh5+ g6 13. Bxg6+ hxg6 14.
Qxh8+ Qf8 15. Qh7 Kd8 16. Qxg6 Nc6 17. Nf7+ Kc8 18. Bh6 Qb4+ 19. Bd2 Qb1+ 20.
Ke2 0-1

[Event "Toronto op"]
[Site "Toronto CAN"]
[Date "2002.03.30"]
[Round "4"]
[White "Schleifer, Michael"]
[Black "Wang, Hao Yuan"]
[Result "0-1"]
[WhiteElo "2429"]
[BlackElo "2211"]
[PlyCount "136"]
[EventDate "2002.03.29"]
[EventType "swiss"]
[EventRounds "6"]
[EventCountry "CAN"]

1. Nf3 Nf6 2. c4 e6 3. g3 Be7 4. Bg2 O-O 5. O-O d5 6. d4 Nbd7 7. cxd5 exd5 8.
Nc3 c6 9. Bf4 Re8 10. Qc2 Nf8 11. a3 Ne6 12. b4 a6 13. Rfd1 Bd6 14. Bxd6 Qxd6
15. Na4 Ne4 16. Nb6 Rb8 17. e3 f6 18. Ne1 Nc7 19. Nxc8 Rbxc8 20. a4 Qe7 21. Nd3
Nd6 22. Re1 Qf7 23. Rab1 Rb8 24. Nc5 g6 25. Bf1 Kg7 26. Qc3 Re7 27. Qa3 Ra8 28.
Rec1 Kg8 29. Nb3 Nce8 30. Rc2 Kg7 31. Nc1 Rd7 32. Na2 Nc7 33. Nc3 b5 34. Qc1
Nc4 35. Ra2 Qe7 36. Ne2 Rb8 37. Nf4 Ne6 38. Nd3 Rdb7 39. Rba1 Kg8 40. h4 Kg7
41. Bh3 f5 42. axb5 axb5 43. Qc3 Rc7 44. Ra6 Rbb7 45. R1a2 Qd6 46. Bg2 Kf6 47.
Qa1 h6 48. Nc5 Rb8 49. Nd3 g5 50. hxg5+ hxg5 51. Ra8 Rxa8 52. Rxa8 Rh7 53. Re8
Nc7 54. Rb8 Qe7 55. Rb7 Qd6 56. Qd1 Rh8 57. g4 Na6 58. Nc5 Nxc5 59. bxc5 Qh2+
60. Kf1 Re8 61. Qc2 Re4 62. Rb6 Rxg4 63. Rxc6+ Kg7 64. Qxf5 Nxe3+ 65. fxe3
Qxg2+ 66. Ke1 Qg1+ 67. Kd2 Rg2+ 68. Kc3 Qa1+ 0-1

[Event "Toronto op"]
[Site "Toronto CAN"]
[Date "2002.03.30"]
[Round "4"]
[White "Vaingorten, Yaaqov"]
[Black "Findlay, Ian"]
[Result "1-0"]
[WhiteElo "2287"]
[BlackElo "2368"]
[PlyCount "45"]
[EventDate "2002.03.29"]
[EventType "swiss"]
[EventRounds "6"]
[EventCountry "CAN"]

1. d4 d5 2. c4 e6 3. Nc3 Nf6 4. Bg5 Be7 5. cxd5 exd5 6. e3 O-O 7. Bd3 Nbd7 8.
Nf3 c6 9. Qc2 Re8 10. h3 Nf8 11. Bf4 Bd6 12. Bxd6 Qxd6 13. O-O-O b5 14. Kb1 Be6
15. Ne5 a6 16. g4 Rac8 17. g5 N6d7 18. f4 c5 19. f5 cxd4 20. exd4 Bxf5 21. Bxf5
b4 22. Bxd7 Nxd7 23. Qf5 1-0

[Event "Toronto op"]
[Site "Toronto CAN"]
[Date "2002.03.31"]
[Round "5"]
[White "Bordas, Gyula"]
[Black "Lucki, Arnie"]
[Result "0-1"]
[WhiteElo "2157"]
[BlackElo "1934"]
[PlyCount "74"]
[EventDate "2002.03.29"]
[EventType "swiss"]
[EventRounds "6"]
[EventCountry "CAN"]

1. c4 Nf6 2. Nc3 g6 3. e4 d6 4. d4 Bg7 5. Be2 O-O 6. Nf3 e5 7. O-O Nc6 8. d5
Ne7 9. Ne1 Ne8 10. f4 f5 11. fxe5 dxe5 12. Nd3 Nf6 13. exf5 e4 14. Nf4 gxf5 15.
c5 Ng6 16. Qb3 Kh8 17. Nxg6+ hxg6 18. Bg5 Qe7 19. d6 Qe5 20. Qa3 Bd7 21. dxc7
Qxc7 22. Bc4 Ng4 23. Bf4 Bd4+ 24. Kh1 Qxc5 25. Qxc5 Bxc5 26. h3 Ne3 27. Bxe3
Bxe3 28. Nd5 Bg5 29. Rad1 Rfd8 30. g3 Rac8 31. h4 Rxc4 32. hxg5 Kg7 33. Nf6
Rh8+ 34. Kg1 Bc6 35. Nd5 Rc2 36. g4 e3 37. Rfe1 f4 0-1

[Event "Toronto op"]
[Site "Toronto CAN"]
[Date "2002.03.31"]
[Round "5"]
[White "Findlay, Ian"]
[Black "Miller, Evgeny"]
[Result "1-0"]
[WhiteElo "2368"]
[BlackElo "2204"]
[PlyCount "73"]
[EventDate "2002.03.29"]
[EventType "swiss"]
[EventRounds "6"]
[EventCountry "CAN"]

1. e4 c6 2. d4 d5 3. exd5 cxd5 4. c4 Nf6 5. Nc3 g6 6. cxd5 Bg7 7. Bc4 O-O 8.
Nf3 Nbd7 9. d6 exd6 10. O-O Nb6 11. Bb3 Bf5 12. Bf4 Ne4 13. Rc1 Rc8 14. Re1
Nxc3 15. Rxc3 Bg4 16. h3 Bxf3 17. Qxf3 Bxd4 18. Rd3 Qf6 19. Bh6 Qxf3 20. Rxf3
Bg7 21. Bxg7 Kxg7 22. Re7 Nc4 23. Rxb7 Ne5 24. Rc3 Rxc3 25. bxc3 a5 26. Ra7 h5
27. Rxa5 Rc8 28. Ra6 Rxc3 29. Rxd6 Rc1+ 30. Rd1 Rc3 31. Rd4 Nd3 32. Rc4 Rxc4
33. Bxc4 Ne5 34. Bb5 f5 35. a4 Nf7 36. a5 Nd6 37. Bd7 1-0

[Event "Toronto op"]
[Site "Toronto CAN"]
[Date "2002.03.31"]
[Round "5"]
[White "Urquhart, Eddie"]
[Black "Kagramanov, Dina"]
[Result "1/2-1/2"]
[WhiteElo "2252"]
[BlackElo "2038"]
[PlyCount "82"]
[EventDate "2002.03.29"]
[EventType "swiss"]
[EventRounds "6"]
[EventCountry "CAN"]

1. d4 d5 2. Nf3 Nf6 3. e3 c6 4. Nbd2 Bg4 5. Be2 Nbd7 6. O-O Qc7 7. c4 e6 8. h3
Bh5 9. b3 Be7 10. Bb2 O-O 11. a3 a5 12. Bd3 Rad8 13. Qc2 Rfe8 14. Rfe1 Qb8 15.
Ne5 Bg6 16. Nxg6 hxg6 17. Nf3 Bd6 18. Bc3 Bc7 19. Rec1 Rc8 20. Qb2 e5 21. dxe5
Nxe5 22. Nxe5 Bxe5 23. c5 g5 24. Qd2 g4 25. Bf5 Ne4 26. Bxe4 Bxc3 27. Qxc3 Rxe4
28. hxg4 Rxg4 29. Qxa5 Qe5 30. Qd2 Rh4 31. g3 Rh6 32. Kg2 Re8 33. Qd4 Qf5 34.
Rh1 Rf6 35. Raf1 Qf3+ 36. Kg1 Re4 37. Qd2 Ree6 38. Rh4 g5 39. Rh2 Rh6 40. Qd1
Qe4 41. Qb1 Qf3 1/2-1/2

[Event "Toronto op"]
[Site "Toronto CAN"]
[Date "2002.03.31"]
[Round "5"]
[White "Wang, Hao Yuan"]
[Black "Teplitsky, Yan"]
[Result "1/2-1/2"]
[WhiteElo "2211"]
[BlackElo "2522"]
[PlyCount "53"]
[EventDate "2002.03.29"]
[EventType "swiss"]
[EventRounds "6"]
[EventCountry "CAN"]

1. e4 c5 2. Nf3 d6 3. d4 cxd4 4. Nxd4 Nf6 5. Nc3 Bd7 6. Be2 e5 7. Nb3 Bc6 8. f3
Be7 9. Be3 O-O 10. O-O a5 11. a4 Na6 12. Bxa6 Rxa6 13. Qe2 h6 14. Rfd1 Qc8 15.
Qf2 Qe6 16. Bb6 d5 17. Nc5 Bxc5 18. Bxc5 Rc8 19. exd5 Bxd5 20. Rd2 Rac6 21. Be3
Rxc3 22. bxc3 Rxc3 23. Re1 Qf5 24. Bb6 Rc4 25. Bxa5 Bc6 26. Bd8 Nd5 27. Qe2
1/2-1/2

[Event "Toronto op U2100"]
[Site "Toronto CAN"]
[Date "2002.03.30"]
[Round "3"]
[White "Pleau, Derek"]
[Black "Leung, Victor"]
[Result "1-0"]
[WhiteElo "1946"]
[BlackElo "1945"]
[PlyCount "55"]
[EventDate "2002.03.29"]
[EventType "swiss"]
[EventRounds "6"]
[EventCountry "CAN"]

1. e4 e5 2. Nf3 Nf6 3. Nc3 Nc6 4. Bc4 Bc5 5. h3 O-O 6. O-O d6 7. Re1 Nd4 8. d3
c6 9. Bb3 b5 10. Nxd4 Bxd4 11. Ne2 Bb6 12. Ng3 Qc7 13. Bg5 Kh8 14. Bxf6 gxf6
15. Qh5 Rg8 16. Kf1 Be6 17. Qf3 Rg6 18. Nf5 Rag8 19. g4 Qd8 20. Rad1 d5 21. d4
Bxf5 22. exf5 e4 23. Qc3 Rh6 24. Qxc6 Rxh3 25. Bxd5 Rxg4 26. Bxe4 h5 27. Bg2
Rxg2 28. Kxg2 1-0

[Event "Toronto op U2100"]
[Site "Toronto CAN"]
[Date "2002.03.30"]
[Round "4"]
[White "Mitro, Dave"]
[Black "Haziprodromu, Sam"]
[Result "0-1"]
[WhiteElo "1944"]
[BlackElo "1897"]
[PlyCount "40"]
[EventDate "2002.03.29"]
[EventType "swiss"]
[EventRounds "6"]
[EventCountry "CAN"]

1. e4 e5 2. Nf3 Nc6 3. Bc4 Bc5 4. O-O Nf6 5. c3 d6 6. b4 Bb6 7. b5 Ne7 8. h3
O-O 9. d3 Ng6 10. Be3 c6 11. Nbd2 d5 12. exd5 cxd5 13. Bb3 h6 14. Bxb6 Qxb6 15.
c4 Bf5 16. Qe2 Rfe8 17. cxd5 Nf4 18. Qd1 Bxd3 19. Re1 e4 20. Nh2 e3 0-1

[Event "Toronto op U2100"]
[Site "Toronto CAN"]
[Date "2002.03.31"]
[Round "5"]
[White "Nagy, Julius"]
[Black "Dutton, Warren"]
[Result "0-1"]
[WhiteElo "1749"]
[BlackElo "2032"]
[PlyCount "38"]
[EventDate "2002.03.29"]
[EventType "swiss"]
[EventRounds "6"]
[EventCountry "CAN"]

1. e4 e5 2. Nf3 Nc6 3. Bc4 Nf6 4. Ng5 d5 5. exd5 Na5 6. d3 h6 7. Nf3 e4 8. Qe2
Nxc4 9. dxc4 Bc5 10. O-O O-O 11. Ne1 Bg4 12. Qd2 Re8 13. Qc3 Be2 14. b4 Bd6 15.
Be3 Bxh2+ 16. Kxh2 Ng4+ 17. Kg1 Qh4 18. Bf4 Bxf1 19. Kxf1 Qxf2# 0-1

[Event "Toronto op U2100"]
[Site "Toronto CAN"]
[Date "2002.03.29"]
[Round "1"]
[White "Garel, Richard"]
[Black "Veltmann, Martin"]
[Result "0-1"]
[WhiteElo "1891"]
[BlackElo "1981"]
[PlyCount "66"]
[EventDate "2002.03.29"]
[EventType "swiss"]
[EventRounds "6"]
[EventCountry "CAN"]

1. e4 c5 2. Nf3 d6 3. d4 cxd4 4. Nxd4 Nf6 5. Nc3 a6 6. Be2 e6 7. O-O Be7 8. Be3
O-O 9. a4 Nc6 10. Nb3 b6 11. f4 Bb7 12. Bf3 Qc7 13. Qe1 Rad8 14. Qf2 Nd7 15. f5
Nc5 16. Nxc5 bxc5 17. Qg3 Nd4 18. Bh6 g6 19. Bxf8 Bxf8 20. fxg6 hxg6 21. Rf2
Bg7 22. Raf1 Qb6 23. Bd1 c4 24. Kh1 Rd7 25. h4 Qxb2 26. h5 Nc6 27. hxg6 Qxc3
28. gxf7+ Kf8 29. Qg6 Qe5 30. Qh7 Ne7 31. Rf4 Qg5 32. Rh4 Rd8 33. Rff4 Qg6 {
time} 0-1

[Event "Toronto op U2100"]
[Site "Toronto CAN"]
[Date "2002.03.29"]
[Round "2"]
[White "Veltmann, Martin"]
[Black "Noritsyn, Nikolay"]
[Result "1-0"]
[WhiteElo "1981"]
[BlackElo "1934"]
[PlyCount "145"]
[EventDate "2002.03.29"]
[EventType "swiss"]
[EventRounds "6"]
[EventCountry "CAN"]

1. Nf3 d5 2. g3 c5 3. Bg2 Nc6 4. O-O e5 5. d3 Nf6 6. Nbd2 Be7 7. e4 d4 8. Nc4
Qc7 9. a4 Be6 10. b3 h6 11. h3 Nd7 12. Nh2 O-O-O 13. f4 f6 14. Nf3 Bxc4 15.
bxc4 exf4 16. gxf4 g5 17. e5 gxf4 18. Bxf4 fxe5 19. Bh2 Rdg8 20. Kh1 Bd6 21.
Qe2 Nf8 22. Rab1 Ng6 23. Nd2 Nf4 24. Bxf4 exf4 25. Qe6+ Kb8 26. Ne4 Be7 27.
Nxc5 Bxc5 28. Bxc6 b6 29. Bf3 Re8 30. Qd5 Kc8 31. Rg1 Re5 32. Rg8+ Rxg8 33.
Qxg8+ Qd8 34. Qg7 Re7 35. Qxh6 Qd6 36. Qh8+ Qd8 37. Qh5 Re3 38. a5 Qe7 39. Qf5+
Qd7 40. Qxd7+ Kxd7 41. Bg4+ Ke7 42. a6 Kf6 43. Rf1 Kg5 44. Bf3 Kh4 45. Kg2 Re7
46. Kf2 Kg5 47. Rg1+ Kf6 48. Rg8 Rg7 49. Ra8 Rc7 50. Bd5 b5 51. cxb5 Bb6 52.
Bc6 Rh7 53. Rb8 Re7 54. Rxb6 axb6 55. Bb7 Ke6 56. a7 Re8 57. a8=Q Rxa8 58. Bxa8
Kf5 59. Kf3 Kg5 60. Be4 Kh4 61. Kxf4 Kxh3 62. Ke5 Kg4 63. Kxd4 Kg5 64. Ke5 Kh6
65. d4 Kg7 66. Ke6 Kf8 67. Bg6 Kg7 68. Bh5 Kh6 69. Bf3 Kg7 70. Ke7 Kg6 71. d5
Kf5 72. d6 Ke5 73. d7 1-0

[Event "Toronto op U2100"]
[Site "Toronto CAN"]
[Date "2002.03.30"]
[Round "3"]
[White "Walker, Andrew"]
[Black "Veltmann, Martin"]
[Result "0-1"]
[WhiteElo "1893"]
[BlackElo "1981"]
[PlyCount "64"]
[EventDate "2002.03.29"]
[EventType "swiss"]
[EventRounds "6"]
[EventCountry "CAN"]

1. d4 Nf6 2. c4 g6 3. Nc3 Bg7 4. e4 O-O 5. e5 Ne8 6. Bd3 c5 7. Nf3 cxd4 8. Nxd4
Bxe5 9. Be3 Nc6 10. Nf3 Bg7 11. h4 d6 12. h5 Bg4 13. hxg6 fxg6 14. Qd2 Bxf3 15.
gxf3 Ne5 16. Be4 e6 17. Bh6 Nxc4 18. Qe2 Qc7 19. Bxg7 Nxg7 20. O-O-O Rac8 21.
Qc2 Ne5 22. Kb1 d5 23. Bd3 Nxd3 24. Qxd3 Qf4 25. Rh3 Qf5 26. Qxf5 Rxf5 27. Nb5
Rcf8 28. Rdh1 Nh5 29. Nd4 R5f6 30. f4 R8f7 31. Ra3 Nxf4 32. Rxa7 Nd3 0-1

[Event "Toronto op U2100"]
[Site "Toronto CAN"]
[Date "2002.03.31"]
[Round "5"]
[White "Veltmann, Martin"]
[Black "MacLeod, Steven"]
[Result "1-0"]
[WhiteElo "1981"]
[BlackElo "2076"]
[PlyCount "83"]
[EventDate "2002.03.29"]
[EventType "swiss"]
[EventRounds "6"]
[EventCountry "CAN"]

1. c4 d6 2. Nc3 e5 3. g3 f5 4. Bg2 Nf6 5. Nf3 Be7 6. O-O O-O 7. d3 Qe8 8. Bg5
Nbd7 9. Rc1 h6 10. Bxf6 Nxf6 11. Nd5 Bd8 12. Nd2 c6 13. Nxf6+ Bxf6 14. b4 a6
15. a4 Be6 16. Nb3 Qd7 17. f4 g5 18. e3 Kg7 19. Kh1 Rh8 20. fxe5 Bxe5 21. d4
Bf6 22. d5 cxd5 23. cxd5 Bf7 24. Nd4 Bxd4 25. Qxd4+ Kh7 26. Rxf5 Bg6 27. Rf6
Rhf8 28. Rcf1 Rxf6 29. Qxf6 Re8 30. Qd4 Qxa4 31. Qb6 Qd7 32. Rf6 Rc8 33. h3 Rd8
34. Kh2 Kg7 35. Qd4 Kh7 36. Be4 Rg8 37. Qd3 Qe8 38. Re6 Qf7 39. Qc2 Rg7 40.
Rxd6 Qe8 41. Rxg6 Rxg6 42. d6 1-0

[Event "Toronto op U2100"]
[Site "Toronto CAN"]
[Date "2002.03.31"]
[Round "6"]
[White "Zagar, Milan"]
[Black "Veltmann, Martin"]
[Result "0-1"]
[WhiteElo "1919"]
[BlackElo "1981"]
[PlyCount "98"]
[EventDate "2002.03.29"]
[EventType "swiss"]
[EventRounds "6"]
[EventCountry "CAN"]

1. d4 Nf6 2. c4 g6 3. Nc3 Bg7 4. e4 O-O 5. f3 d6 6. Nge2 b6 7. g4 c5 8. d5 e6
9. Ng3 exd5 10. Nxd5 Bb7 11. h4 Nc6 12. Bg5 h6 13. Nxf6+ Bxf6 14. Bxh6 Bxh4 15.
Kf2 Re8 16. Bf4 Nd4 17. Qd2 Bxg3+ 18. Kxg3 Nxf3 19. Qg2 g5 20. Qh3 gxf4+ 21.
Kf2 Qf6 22. Qh7+ Kf8 23. Qh8+ Qxh8 24. Rxh8+ Kg7 25. Rxe8 Rxe8 26. Kxf3 Rxe4
27. Kf2 Kf6 28. Rd1 Rd4 29. Re1 Rd2+ 30. Kg1 f3 31. g5+ Kxg5 32. Re7 Bc6 33.
Rxf7 a5 34. Rg7+ Kf4 35. Rf7+ Ke5 36. Re7+ Kf6 37. Rc7 Be4 38. Rd7 f2+ 39. Kh2
Rd1 40. Bh3 Rh1+ 41. Kg3 Rxh3+ 42. Kxf2 Ke5 43. b3 Rh6 44. Ke3 Bb1 45. Re7+ Re6
46. Rb7 d5 47. cxd5 Kxd5+ 48. Kd2 Bxa2 49. Kc3 Kc6 0-1

[Event "Toronto-Tch"]
[Site "Toronto CAN"]
[Date "2002.??.??"]
[Round "?"]
[White "Pauric, Denis"]
[Black "Dutton, Warren"]
[Result "1/2-1/2"]
[WhiteElo "1620"]
[BlackElo "2000"]
[PlyCount "65"]
[EventDate "2002.??.??"]
[EventType "team"]
[EventRounds "11"]
[EventCountry "CAN"]

1. d4 Nf6 2. Nf3 d5 3. Bf4 h6 4. e3 Bf5 5. Bd3 Bxd3 6. Qxd3 a6 7. Nbd2 e6 8.
O-O Bd6 9. Bg3 Bxg3 10. hxg3 Nbd7 11. e4 c5 12. c3 Qb6 13. e5 Ng4 14. Qc2 Rc8
15. Qb3 Qc7 16. Rac1 cxd4 17. cxd4 Qxc1 18. Rxc1 Rxc1+ 19. Nf1 O-O 20. Qxb7 Nb8
21. b3 Nc6 22. Qxa6 Nb4 23. Qa5 Nd3 24. Qd2 Ngxf2 25. b4 Rfc8 26. b5 Rd1 27.
Qe2 Rcc1 28. N3h2 Ne4 29. Qf3 Nd2 30. Qe2 Nxf1 31. Nxf1 Nb2 32. b6 Nd3 33. b7
1/2-1/2

[Event "Toronto-Tch"]
[Site "Toronto CAN"]
[Date "2002.??.??"]
[Round "9"]
[White "Urquhart, Eddie"]
[Black "Vaichaitis, Rimantas"]
[Result "1-0"]
[WhiteElo "2280"]
[BlackElo "2269"]
[PlyCount "27"]
[EventDate "2002.??.??"]
[EventType "team"]
[EventRounds "11"]
[EventCountry "CAN"]

1. e4 c5 2. Nc3 e6 3. f4 d6 4. Nf3 a6 5. a4 Nc6 6. Bc4 g6 7. O-O Bg7 8. d3 Nge7
9. Qe1 O-O 10. f5 exf5 11. Qh4 Ne5 12. Bg5 Re8 13. Nxe5 dxe5 14. Nd5 1-0

[Event "Toronto-ch Championship"]
[Site "Toronto CAN"]
[Date "2002.01.09"]
[Round "1"]
[White "Dutton, Warren"]
[Black "Berengolts, Isai"]
[Result "1/2-1/2"]
[WhiteElo "2025"]
[BlackElo "2247"]
[PlyCount "122"]
[EventDate "2002.01.09"]
[EventType "tourn"]
[EventRounds "11"]
[EventCountry "CAN"]

1. e4 c5 2. Nc3 Nc6 3. g3 g6 4. Bg2 Bg7 5. d3 d6 6. h3 Bd7 7. Nge2 Nd4 8. Nxd4
cxd4 9. Nd5 e6 10. Nf4 Rc8 11. Bd2 Qb6 12. b3 Ne7 13. O-O Qc5 14. Rc1 Qa3 15.
Ra1 Qc5 16. Rc1 Nc6 17. Ne2 O-O 18. c4 Nb4 19. Bxb4 Qxb4 20. Kh2 Qa3 21. Qd2 a5
22. Rb1 b5 23. Rfc1 e5 24. Rc2 a4 25. Nc1 Rb8 26. b4 bxc4 27. dxc4 Rfc8 28. Nd3
f6 29. Bf1 Bf8 30. Qc1 Qxc1 31. Rbxc1 f5 32. Bg2 Bc6 33. Re1 Bxe4 34. Rxe4 fxe4
35. Bxe4 Kg7 36. a3 Kf6 37. Bd5 Re8 38. f3 Re7 39. Nf2 Rc7 40. Ne4+ Ke7 41. Rf2
Bh6 42. h4 Bc1 43. b5 Ra7 44. Ra2 Be3 45. Re2 Bc1 46. Ra2 Rc7 47. Kg2 h6 48.
Nf2 h5 49. Nd3 Be3 50. Nb4 Rb6 51. Be4 Kf7 52. Nd5 Rbb7 53. Nxe3 dxe3 54. Bxb7
Rxb7 55. Kf1 d5 56. Rc2 dxc4 57. Rxc4 Rxb5 58. Rxa4 Rb2 59. f4 Kf6 60. Ra6+ Kf5
61. fxe5 Kxe5 1/2-1/2

[Event "Toronto-ch Championship"]
[Site "Toronto CAN"]
[Date "2002.01.09"]
[Round "1"]
[White "Laughlin, Steve"]
[Black "Veltmann, Martin"]
[Result "1-0"]
[WhiteElo "2045"]
[BlackElo "2200"]
[PlyCount "21"]
[EventDate "2002.01.09"]
[EventType "tourn"]
[EventRounds "11"]
[EventCountry "CAN"]

1. e4 e5 2. Nf3 Nc6 3. d4 exd4 4. Nxd4 Bc5 5. Nxc6 bxc6 6. Bc4 Ne7 7. Bxf7+
Kxf7 8. Qh5+ Ng6 9. Qxc5 Re8 10. O-O Rxe4 11. Qf5+ 1-0

[Event "Toronto-ch Championship"]
[Site "Toronto CAN"]
[Date "2002.01.09"]
[Round "1"]
[White "Meng, Ang"]
[Black "Rakhinshteyn, Fima"]
[Result "1-0"]
[WhiteElo "2166"]
[BlackElo "2214"]
[PlyCount "89"]
[EventDate "2002.01.09"]
[EventType "tourn"]
[EventRounds "11"]
[EventCountry "CAN"]

1. e4 e5 2. d4 exd4 3. Nf3 Bb4+ 4. Bd2 Qe7 5. Bd3 Nc6 6. O-O Bxd2 7. Nbxd2 d6
8. Nb3 Bg4 9. Bb5 Qf6 10. Bxc6+ bxc6 11. Nbxd4 Bxf3 12. Nxf3 Qxb2 13. Rb1 Qxa2
14. Qd4 Nf6 15. e5 Qd5 16. exf6 Qxd4 17. Nxd4 gxf6 18. Nxc6 Kd7 19. Nd4 Rhe8
20. Rfe1 Re5 21. f4 Rd5 22. c3 a5 23. Rb5 Rxb5 24. Nxb5 a4 25. Na3 Rb8 26. Rb1
Rb3 27. Rxb3 axb3 28. Kf2 c5 29. Ke3 d5 30. Kd3 h5 31. g3 Ke6 32. Nb5 Kf5 33.
Nc7 d4 34. Nd5 c4+ 35. Kd2 d3 36. Ne3+ Ke4 37. Nxc4 Kf3 38. Kxd3 Kg2 39. Ke3
Kxh2 40. Kf3 Kg1 41. Nb2 Kf1 42. c4 Ke1 43. c5 Kd2 44. c6 Kc3 45. c7 1-0

[Event "Toronto-ch Championship"]
[Site "Toronto CAN"]
[Date "2002.01.09"]
[Round "1"]
[White "Perovic, Bozidar"]
[Black "Southam, David"]
[Result "0-1"]
[WhiteElo "2028"]
[BlackElo "2162"]
[PlyCount "34"]
[EventDate "2002.01.09"]
[EventType "tourn"]
[EventRounds "11"]
[EventCountry "CAN"]

1. f4 d5 2. e3 g6 3. Nf3 Bg7 4. d4 Nf6 5. Bd3 c5 6. b3 O-O 7. O-O Qc7 8. Nbd2
Nc6 9. c3 cxd4 10. cxd4 Nb4 11. Ne5 Nxd3 12. Nxd3 Qc3 13. Nb2 Qxe3+ 14. Kh1 Ng4
15. Qf3 Bxd4 16. Qxe3 Nxe3 17. Rf3 Nd1 0-1

[Event "Toronto-ch Championship"]
[Site "Toronto CAN"]
[Date "2002.01.09"]
[Round "1"]
[White "Richardson, Ross"]
[Black "Campbell, Brett"]
[Result "0-1"]
[WhiteElo "2024"]
[BlackElo "2270"]
[PlyCount "68"]
[EventDate "2002.01.09"]
[EventType "tourn"]
[EventRounds "11"]
[EventCountry "CAN"]

1. d4 Nf6 2. c4 d6 3. Nc3 Nbd7 4. e4 e5 5. d5 Nc5 6. f3 a5 7. Be3 Be7 8. Bd3
Nfd7 9. Bc2 Bg5 10. Qd2 Bxe3 11. Qxe3 O-O 12. Nge2 Nb6 13. b3 c6 14. O-O cxd5
15. cxd5 Bd7 16. f4 f6 17. Rf3 Bg4 18. Rg3 Bxe2 19. Nxe2 Nbd7 20. f5 Kh8 21.
Rg4 b5 22. Rf1 b4 23. Rf3 Rf7 24. Rh3 Nf8 25. Rh5 Rc8 26. Qh3 Na4 27. Rgh4 Qb6+
28. Kh1 h6 29. Bd3 Nc3 30. Ng3 Nd1 31. Rxh6+ gxh6 32. Rxh6+ Rh7 33. Rxh7+ Nxh7
34. Qh6 Nf2+ 0-1